Le mur mitoyen (Record no. 161247)

MARC details
000 -LEADER
campo de control de longitud fija 00880nam a22001695i 4500
001 - NÚMERO DE CONTROL
campo de control 161247
003 - IDENTIFICADOR DE NÚMERO DE CONTROL
campo de control ES-MaACL
005 - FECHA Y HORA DE LA ÚLTIMA TRANSACCIÓN
campo de control 20230906212231.0
008 - DATOS DE LONGITUD FIJA--INFORMACIÓN GENERAL
campo de control de longitud fija 950614s1862 fr |||| | fre d
040 ## - FUENTE DE CATALOGACIÓN
Centro catalogador/agencia de origen GA
Lengua de catalogación spa
Centro/agencia transcriptor CCPB | SIC
100 1# - ENTRADA PRINCIPAL--NOMBRE DE PERSONA
Nombre de persona Pailleron, Edouard.
9 (RLIN) 130777
245 13 - MENCIÓN DEL TÍTULO
Título Le mur mitoyen
Resto del título : comédie en deux actes, en vers /
Mención de responsabilidad, etc. Edouard Pailleron.
260 ## - PUBLICACIÓN, DISTRIBUCIÓN, ETC.
Lugar de publicación, distribución, etc. Paris :
Nombre del editor, distribuidor, etc. Michel Lévy Frères, Libraires-Editeurs,
Fecha de publicación, distribución, etc. 1862 (
Fabricante Imprimerie Pillet Fils Aisié)
300 ## - DESCRIPCIÓN FÍSICA
Extensión [4], 71, 36 p. ;
Dimensiones 20 cm.
596 #1 - NOTA AL PIE DE IMPRENTA
NOTA AL PIE DE IMPRENTA Marca de ed. en port.
852 ## - LOCALIZACIÓN
Ubicación ES-MaACL
Número de control de estantería T-734-F-5
Nota libre -- Enc. hol., conservando la cub. original
-- -- Enc. en un vol. facticio
Encuadernación -- Edic.: este ejemp. no tiene la secuencia de 36 p. -- Corregir en T245 "... / par Edouard Pailleron" -- Añadir T500 Représentée pour la première fois à Paris, sur le théâtre impérial de l'Odéon, le 10 décembre 1861
Holdings
Estatus retirado Estado de pérdida Estado de daño No para préstamo Colección Biblioteca de origen Biblioteca actual Ubicación en estantería Fecha de adquisición Total de préstamos Signatura topográfica completa Código de barras Visto por última vez Precio de reemplazo Tipo de ítem Koha
        Colección de folletos Biblioteca del Ateneo de Madrid Biblioteca del Ateneo de Madrid Depósito folletos 17/01/2008   T-734-F-5 1168895 23/02/2023 23/02/2023 Folleto